000 00704cam a22002413a 4500
001 29881
003 PGUSA
005 20140828083639.0
008 090901s2009||||xxu|||||s|||||000 | eng d
040 _aPGUSA
_beng
042 _adc
050 4 _aHC
100 1 _aHobson, J. A.
_q(John Atkinson),
_d1858-1940
245 1 0 _aMorals of Economic Internationalism
_h[electronic resource] /
_cJ. A. Hobson
260 _bProject Gutenberg,
_c2009
506 _aPublic domain in the USA.
516 _aElectronic text
653 _aInternational cooperation
653 _aReconstruction (1914-1939)
830 0 _aProject Gutenberg
_v29881
856 4 0 _uhttp://www.gutenberg.org/ebooks/29881
942 _cEB
999 _c259136
_d259136